00959nam a2200217 a 4500008004100000020001500041050002000056100001700076245018900093260007000282300001600352350000900368490003200377650001100409650001300420700001900433700001800452995011800470999001700588952013600605101014s2003 ||||||||||||||||| || u a9991294902 aQH 541.5.M3 Env aBernard, Ted10aEnvironmental monitoring of tropical and subtropical wetlands: proceedings of a conference in Maun, Botswana, December 4-8, 2002cedited by Ted Bernard, Keta Mosepele, and Lars Ramberg aMaun, Botswana:bHarry Oppenheimer Okavango Research Centrec2003 a102p.: ill. a0.00 aOkavango report series No.1 0aNATURE aWETLANDS aMosepele, Keta aRamberg, Lars D0.00FCBU-MAIN LIBRARY (Kitwe)H1I0.00M1ULOSTVMar 11, 2013WOct 14, 2010ZMain Library Open Access Collection c42229d42229 00102lcc4070a001b001cMain Library Open Access Collectiond2022-11-30l0oQH 541.5.M3 Envp741358r2022-11-30w2022-11-30y002